000 00669nam a2200217Ia 4500
003 GCL
008 140319s9999 xx 000 0 ara d
020 _a9627031977
040 _aGCL /
_cGCL
082 0 4 _a819.9
_bع ع
100 1 _aعباس محمود العقاد
245 1 0 _aعبقرية الامام /
_cعباس محمود العقاد
260 _aالقاهرة :
_bنهضة مصر للطباعة والنشر والتوزيع ،
_c1996
300 _a160 ص ؛
_c23 سم
490 _a
650 0 4 _aالادب العربى
650 0 4 _aالاسلام
650 0 4 _aعلى بن ابى طالب
650 0 4 _aالعبقريات
942 _2ddc
_cBK
999 _c40705
_d40705